[Event "Yingmei CHN-chT 2018"]
[Site "Jiaxing"]
[Date "2018.07.11"]
[Round "9"]
[White "Xu, Yi"]
[Black "Andreikin, Dmitry"]
[Result "0-1"]
[WhiteElo "2526"]
[BlackElo "2702"]
[Annotator "TA"]
[PlyCount "164"]
[EventDate "2018.07.09"]
[EventType "team-tourn"]
[EventCountry "CHN"]
[SourceTitle "playchess.com"]
[Source "ChessBase"]
[SourceQuality "1"]

{[%evp 19,164,2,40,14,24,27,25,28,26,31,50,16,25,23,53,43,37,22,0,0,24,0,0,0,0,0,0,-40,-32,-46,-30,-18,-17,-40,-36,-36,-33,-41,-22,-33,-20,-20,-27,-19,-19,-21,-15,-18,-17,-18,-10,-34,-20,-21,-18,-19,-22,-41,-12,-12,-6,-47,-18,-67,-67,-110,-97,-97,-91,-110,-110,-110,-110,-122,-133,-145,-110,-110,-110,-125,-111,-158,-125,-111,-125,-111,-111,-111,-111,-158,-110,-113,-110,-118,-118,-118,-118,-118,-118,-118,0,-123,-116,-111,-103,-144,-103,-119,-119,-108,-104,-143,0,-139,-103,-103,-103,-103,-85,-70,-56,-56,-56,-108,-69,-363,-320,-360,-332,-561,-460,-660,-632,-810,-795,-759,-752,-1081,-1448,-1345,-1051,-1463,-1383,-1278,-1187,-1187,-1109]} 1. e4 d5 2. exd5 Qxd5 3. Nc3 Qd6 4. d4 Nf6 5. Nf3 c6 6. Ne5 Nbd7 {B01: Skandinavische Verteidigung} 7. Nc4 (7. f4 Nb6 8. g4 g6 9. Bg2 Bg7 10. O-O O-O 11. f5 Rd8 12. Ne2 Nfd7 13. Nxf7 Kxf7 14. Bf4 {1-0 (43) Safarli,E (2657)-Hera,I (2620) Brest 2018}) 7... Qc7 8. Qf3 Nb6 9. Ne5 Be6 10. Bf4 Qc8 {LiveBook: 3 Partien} 11. Be2 $146 ({Vorgänger:} 11. O-O-O g6 12. Be2 Bg7 13. g4 Nbd5 14. Rhg1 Nxf4 15. Qxf4 {½-½ (30) Tarlev,K (2549)-Kasparov,S (2462) Kathmandu 2018}) 11... g6 12. O-O Bg7 13. h3 O-O 14. Rad1 a5 15. a3 a4 16. Rfe1 Rd8 17. Bd3 Ra5 18. Ne2 Nfd7 {[%cal Rd7e5]} 19. Nxd7 Qxd7 20. Bd2 Bd5 21. Qf4 Raa8 22. Bb4 Bc4 23. Qg3 Bxd3 24. Qxd3 Nd5 25. Bd2 b5 26. Ng3 Nb6 27. Qe2 Nc4 ({Vergiftet wäre} 27... Bxd4 $2 28. Be3 $18) 28. Bc1 Re8 29. c3 Rad8 30. Ne4 Qd5 31. Nd2 Nxd2 32. Bxd2 Qb3 33. Bf4 Rd5 34. Rd2 e6 35. Qd1 Qc4 36. Qe2 Red8 37. Qxc4 bxc4 38. Ree2 g5 {[%cal Bg6g5,Bg5g4][%mdl 32]} 39. Be3 h5 40. g3 Kh7 41. f4 g4 $1 42. h4 Kg6 43. Kf1 f6 44. Ke1 Bf8 45. Bf2 Kf5 $1 46. Kd1 Bd6 47. Be3 Rb8 48. Ke1 Re8 49. Rf2 Bc7 50. Kd1 Bb6 51. Ke1 Red8 52. Rfe2 R8d7 53. Rf2 Bc7 54. Kd1 Bd6 55. Ke1 Rb7 56. Kd1 Kg6 57. Ke1 Rb3 58. Rfe2 Kf5 59. Rc2 Rb8 (59... Bb8 $17) 60. Rf2 (60. Rcd2 $1 $11 {war der einzige Weg, das Gleichgewicht zu behalten.}) 60... Bc7 61. Rcd2 Ba5 62. Kd1 Rdb5 63. Rc2 Rd8 64. Ke1 Rbd5 65. Rcd2 Bb6 (65... c5 $17 {Und ...cxd4 würde nun gewinnen.} 66. dxc5 Rxd2 67. Rxd2 Rxd2 68. Kxd2 (68. Bxd2 Ke4 $11) 68... Ke4) 66. Kd1 (66. Rfe2 $1 $11) 66... Kg6 67. Ke1 R8d7 68. Rfe2 Bc7 69. Rf2 Rf5 70. Ke2 Rdd5 71. Ke1 {[#]} ({Günstiger ist} 71. Kf1 $15) 71... e5 $1 $17 72. fxe5 $2 {[%mdl 8192]} (72. dxe5 $15 fxe5 73. Rxd5 cxd5 74. Kd1) 72... fxe5 $19 73. Rxf5 Kxf5 74. dxe5 $2 (74. Kf2 Bb6 75. Rc2) 74... Bxe5 $15 {[%mdl 4096] Endspiel KTL-KTL. Schwarz steht klar auf Gewinn.} 75. Rf2+ (75. Rxd5 $142 cxd5 76. Bf2) 75... Ke4 $19 76. Bf4 {[#]} Bxf4 $1 77. Rxf4+ {KT-KT} Ke3 78. Rf6 Rb5 79. Rf2 Rb8 80. Kf1 Rd8 81. Rf4 Rd1+ 82. Kg2 Rd2+ {Precision: Weiß = 38%, Schwarz = 61%.} 0-1

[Event "Yingmei CHN-chT 2018"]
[Site "Jiaxing"]
[Date "2018.07.11"]
[Round "9"]
[White "Tan, Zhongyi"]
[Black "Ju, Wenjun"]
[Result "1/2-1/2"]
[WhiteElo "2522"]
[BlackElo "2571"]
[Annotator "ChessBase"]
[PlyCount "92"]
[EventDate "2018.07.09"]
[EventType "team-tourn"]
[EventCountry "CHN"]
[SourceTitle "playchess.com"]
[Source "ChessBase"]
[SourceQuality "1"]
[TimeControl "5400+30"]

1. e4 e5 2. Nf3 Nf6 3. Nxe5 d6 4. Nf3 Nxe4 5. d4 d5 6. Bd3 Bd6 7. O-O O-O 8. c4 c6 9. Qc2 Na6 10. a3 Bg4 11. Ne5 Bf5 12. b4 f6 13. Nf3 Bg6 14. c5 Bb8 15. Nc3 Re8 16. Nh4 f5 17. g3 Nxc3 18. Qxc3 Qf6 19. f4 Nc7 20. Nf3 Nb5 21. Qb2 Bh5 22. Ne5 Nxd4 23. Qxd4 Rxe5 24. Bb2 Re8 25. Qxf6 gxf6 26. Bxf6 Kf7 27. Bd4 Be2 28. Bxf5 Bxf1 29. Kxf1 Kg8 30. Re1 Rxe1+ 31. Kxe1 Bc7 32. Be6+ Kf8 33. f5 Re8 34. Kf2 Rxe6 35. fxe6 Ke7 36. Kf3 Kxe6 37. Bc3 Be5 38. Bd2 Bd4 39. g4 a5 40. h4 a4 41. Bc1 Be5 42. h5 Kf6 43. Ke2 Bd4 44. Kf3 Be5 45. Ke2 Bd4 46. Kf3 Ke5 {Ke4} 1/2-1/2

[Event "Yingmei CHN-chT 2018"]
[Site "Jiaxing"]
[Date "2018.07.11"]
[Round "9"]
[White "Khotenashvili, Bela"]
[Black "Zhai, Mo"]
[Result "1-0"]
[WhiteElo "2462"]
[BlackElo "2304"]
[Annotator "TA"]
[PlyCount "103"]
[EventDate "2018.07.09"]
[EventType "team-tourn"]
[EventCountry "CHN"]
[SourceTitle "playchess.com"]
[Source "ChessBase"]
[SourceQuality "1"]

{[%evp 26,103,50,56,94,75,93,93,95,85,89,65,65,63,62,75,81,82,77,70,62,64,72,77,85,75,74,68,81,72,75,79,73,45,99,58,95,121,89,98,80,68,59,47,58,33,171,92,87,49,33,0,0,5,6,6,12,7,37,17,25,0,13,21,83,11,14,0,7,-4,68,58,607,602,699,681,1116,1099,1102,1087]} 1. c4 e6 2. g3 Nf6 3. Nf3 d5 4. d4 Be7 5. Bg2 O-O 6. O-O dxc4 7. Qa4 a6 8. Qxc4 b5 9. Qc2 Bb7 10. Bd2 Be4 11. Qc1 Nc6 12. Be3 {E05: Open Catalan: 5 Nf3 Be7} Nb4 (12... Rc8 13. Nbd2 Bd5 14. Nb3 h6 15. Rd1 Nb4 16. Nc5 Nxa2 17. Qd2 b4 18. Nxa6 {½-½ (18) Kovalyov,A (2614)-Bruzon Batista,L (2711) Montreal 2012}) 13. Nbd2 {[%cal Bb1d2,Bd2e4,Be4c5][%mdl 32]} Bb7 14. Bg5 {LiveBook: 4 Games. White is slightly better.} Rb8 $146 ({Predecessor:} 14... Rc8 15. a3 Nbd5 16. b4 a5 17. e4 h6 18. exd5 hxg5 19. dxe6 axb4 20. exf7+ Rxf7 21. Nxg5 Bxg2 22. Kxg2 {½-½ (41) Donnelly,M (2461)-Lemieux,Y (2404) ICCF corr 2004}) 15. a3 Nc6 16. e3 a5 17. Bxf6 Bxf6 18. Ne4 Be7 19. Nc5 Ba8 20. Rd1 Qc8 21. Ne1 {[%cal Bf3e1,Be1d3,Bd3c5][%mdl 32]} Rd8 22. Ned3 a4 23. Qc3 Bxc5 24. Nxc5 Ne7 25. e4 Rb6 26. Rac1 Rbd6 27. Rd3 Qb8 28. h4 {[%cal Bh2h4,Bh4h5][%mdl 32]} h6 29. h5 Rb6 (29... f5 $14) 30. Rd2 Rbd6 31. Rcd1 Qa7 32. Bf1 Rb8 33. Rc1 Qb6 34. Bg2 Rdd8 35. Qe3 Bc6 {[#]} ({Black should try} 35... Nc6 $14) 36. Bh3 (36. g4 $1 $18) 36... Be8 $16 37. Bg4 Nc6 38. Be2 e5 $1 39. dxe5 Rxd2 40. Qxd2 {Threatening Qf4.} Nxe5 41. Qc3 Nc4 42. Qb4 Ne5 {[%cal Bc4e5,Be5c6,Bc6d4][%mdl 32]} 43. Nd3 Nc6 44. Qc5 $36 {[%mdl 2048] White has good play.} Qb7 (44... Qxc5 $11 45. Nxc5 (45. Rxc5 Nd4 $11) 45... Nd4) 45. Bf3 (45. Nf4 $16) 45... Rd8 $11 46. Nf4 {[#] e5 is the strong threat.} Nd4 47. Bg2 (47. Kg2 {looks sharper.} Nxf3 48. Kxf3 c6 49. Rc3 Rd2 50. Rd3) 47... Bc6 (47... c6 $11 48. Re1 Nb3) 48. Kh2 {Strongly threatening Nd5.} Kh7 $2 {[%mdl 8192]} (48... Qb8 $14) 49. Nd5 $18 {White is clearly winning.} Bxd5 50. Qxd4 ({Weaker is} 50. exd5 Qb6 $18) 50... c5 51. Rxc5 Qb6 52. exd5 {Precision: White = 52%, Black = 52%.} 1-0

[Event "Yingmei CHN-chT 2018"]
[Site "Jiaxing"]
[Date "2018.07.11"]
[Round "9"]
[White "Dai, Changren"]
[Black "Xu, Yinglun"]
[Result "1/2-1/2"]
[WhiteElo "2458"]
[BlackElo "2539"]
[Annotator "TA"]
[PlyCount "71"]
[EventDate "2018.07.09"]
[EventType "team-tourn"]
[EventCountry "CHN"]
[SourceTitle "playchess.com"]
[Source "ChessBase"]
[SourceQuality "1"]

{[%evp 18,71,29,16,34,31,22,23,27,30,38,31,42,29,29,29,32,24,77,25,37,39,41,22,26,29,54,43,72,38,33,34,23,0,47,45,56,50,85,32,82,71,77,75,76,62,80,73,88,47,47,54,54,10,13,12]} 1. e4 e6 2. d4 d5 3. Nc3 Nf6 4. e5 Nfd7 5. f4 c5 6. Nf3 Nc6 7. Be3 a6 8. a3 b5 {C11: French: Classical System: 4 e5 and 4 Bg5 dxe4} (8... cxd4 9. Nxd4 Bc5 10. Qd2 O-O 11. g3 Bxd4 12. Bxd4 b5 13. Bf2 Bb7 14. Bg2 Qc7 15. O-O Rfc8 16. Rfe1 Ne7 17. Rac1 {½-½ (33) Svidler,P (2749)-Potkin,V (2651) Moscow 2012}) 9. g3 Qb6 10. Bg2 {LiveBook: 3 Games} cxd4 11. Nxd4 Nxd4 $146 ({Predecessor:} 11... Bc5 12. Nce2 O-O 13. O-O a5 14. c3 Bb7 15. b4 Bxd4 16. Nxd4 {1-0 (38) Nevanlinna,R (2331)-Keskisarja,T (2278) Finland 2000}) 12. Bxd4 ({Much weaker is} 12. Qxd4 Bc5 $17) 12... Bc5 13. Ne2 Bxd4 14. Qxd4 Bb7 15. Qxb6 Nxb6 16. Nd4 Ke7 17. b3 Rac8 {[#]} (17... g6 $11) 18. Kd2 (18. f5 $1 $16) 18... Rc7 19. f5 Bc8 20. Bh3 exf5 21. Bxf5 Be6 22. Rhf1 Nd7 23. Rf2 Re8 24. Re1 h6 25. Bd3 Rb8 26. Rf4 Nc5 27. Ref1 Rh8 28. Ke3 (28. Bf5 $16) 28... Rf8 29. Bg6 Nb7 30. Bf5 Nd8 31. R4f2 h5 32. Kd3 Rd7 33. a4 bxa4 34. bxa4 Rc7 35. Rb1 {Rb6 is the strong threat.} g6 36. Bxe6 {Precision: White = 46%, Black = 35%.} 1/2-1/2

[Event "Yingmei CHN-chT 2018"]
[Site "Jiaxing"]
[Date "2018.07.11"]
[Round "9"]
[White "Ushenina, Anna"]
[Black "Ren, Xiaoyi"]
[Result "1-0"]
[WhiteElo "2443"]
[BlackElo "2282"]
[Annotator "NA"]
[PlyCount "59"]
[EventDate "2018.07.09"]
[EventType "team-tourn"]
[EventCountry "CHN"]
[SourceTitle "playchess.com"]
[Source "ChessBase"]
[SourceQuality "1"]
[TimeControl "5400+30"]

1. d4 d5 2. c4 e6 3. Nf3 Nf6 4. g3 dxc4 {LiveBook: 6403 Games} 5. Bg2 c6 6. O-O Be7 7. Ne5 Nbd7 8. Nxc4 O-O 9. Nc3 Nb6 10. Ne5 Nbd7 11. Nf3 Qc7 (11... b5 $11 {keeps the balance.}) 12. Bf4 Bd6 13. Bxd6 Qxd6 14. e4 e5 15. Re1 $14 Qe7 16. d5 Rd8 17. Qb3 Nb6 18. a4 cxd5 19. exd5 e4 20. Ng5 Bf5 21. Ngxe4 Nfxd5 22. a5 Qb4 23. Nd2 Qxb3 24. Nxb3 Nxc3 25. axb6 Nd5 26. bxa7 Kf8 27. Nc5 b6 28. Re5 Be6 29. Rxe6 fxe6 30. Nxe6+ 1-0

[Event "Yingmei CHN-chT 2018"]
[Site "Jiaxing"]
[Date "2018.07.11"]
[Round "9"]
[White "Liu, Guanchu"]
[Black "Cheparinov, Ivan"]
[Result "0-1"]
[WhiteElo "2433"]
[BlackElo "2705"]
[Annotator "TA"]
[PlyCount "60"]
[EventDate "2018.07.09"]
[EventType "team-tourn"]
[EventCountry "CHN"]
[SourceTitle "playchess.com"]
[Source "ChessBase"]
[SourceQuality "1"]

{[%evp 14,60,14,14,29,0,0,0,24,-37,-30,-30,-12,-35,-37,-36,-27,-37,-51,-43,-35,-101,-110,-118,-120,-202,-57,-49,-21,-54,-77,-89,-49,-76,-91,-226,-237,-223,-209,-246,-225,-311,-302,-1328,-1308,-1582,-1472,-1403,-1375]} 1. e4 c5 2. Nf3 d6 3. d4 cxd4 4. Nxd4 Nf6 5. Nc3 a6 6. Be3 e6 7. Qf3 Nbd7 8. O-O-O {LiveBook: 23 Games. B80: Sicilian Scheveningen: 6 g3 and 6 Be3, including English Attack} h5 9. h4 Qc7 10. Qg3 {The position is equal.} e5 $146 ({Predecessor:} 10... Ne5 11. f3 Bd7 12. Kb1 b5 13. a3 Rb8 14. f4 Neg4 15. Bc1 b4 16. axb4 Rxb4 {0-1 (47) Ponkratov,P (2613)-Moranda,W (2593) Katowice 2017}) 11. Nf3 (11. Nb3 $1 $11) 11... b5 $15 12. Ng5 Bb7 13. a3 Rc8 14. Bd3 Nc5 15. Kb1 Be7 16. f4 Nxd3 17. cxd3 ({White should try} 17. Rxd3 $15 O-O 18. Rc1) 17... O-O $1 $17 18. Rc1 {[#]} Qd7 $1 19. d4 {[#]} (19. Bb6 $17) 19... exd4 (19... b4 $1 $19 {[%mdl 512]} 20. axb4 Rc4) 20. Bxd4 $15 Ng4 21. Rhe1 f6 22. Nh3 d5 23. Rcd1 b4 $36 {[%mdl 2048] Keeping White busy.} 24. Nxd5 (24. axb4 $17 {was forced.} Bxb4 25. e5) 24... Bxd5 $19 25. exd5 bxa3 26. Qf3 Bb4 27. Re6 axb2 {...Qa4 is the strong threat.} 28. Rb6 $2 (28. Qb3 Rb8 29. Bxb2) 28... Qa4 {[%csl Gb2][%cal Ra4a1] Black is clearly winning.} 29. Bxb2 Qc2+ 30. Ka1 {[#]} Rc3 $1 {[%mdl 512] Precision: White = 17%, Black = 68%.} 0-1

[Event "Yingmei CHN-chT 2018"]
[Site "Jiaxing"]
[Date "2018.07.11"]
[Round "9"]
[White "Wang, Jue"]
[Black "Gu, Tianlu"]
[Result "1-0"]
[WhiteElo "2366"]
[BlackElo "2178"]
[Annotator "NA"]
[PlyCount "100"]
[EventDate "2018.07.09"]
[EventType "team-tourn"]
[EventCountry "CHN"]
[SourceTitle "playchess.com"]
[Source "ChessBase"]
[SourceQuality "1"]
[TimeControl "5400+30"]

1. e4 e5 2. Nf3 Nc6 3. Bc4 Bc5 4. O-O Nf6 5. d3 O-O 6. h3 h6 7. c3 d6 8. Bb3 a6 {C54: Giuoco Piano: 4 c3 Nf6, main lines with 5 d4 and 5 d3} 9. Nbd2 Re8 10. Re1 Be6 11. Bc2 Bb6 (11... d5 12. exd5 Qxd5 13. b4 Bf8 14. a4 b5 {½-½ (60) Aronian,L (2764)-Karjakin,S (2782) Paris 2018}) 12. Nf1 d5 13. exd5 Bxd5 14. Ng3 Qd7 15. Be3 Bxe3 16. Rxe3 Re7 {[#]} 17. Nh4 $146 ({Predecessor:} 17. Qe2 Rae8 18. a4 a5 19. Re1 g6 {½-½ (52) Andriasian,Z (2599)-Xu,J (2504) China 2017}) 17... g6 18. c4 Be6 19. Ba4 Qd6 ({Black should play} 19... b5 $14 20. cxb5 Nd4) 20. Bxc6 $1 bxc6 21. Nf3 $16 Nd7 22. Ne4 Qb4 23. Qe2 f5 24. a3 Qb6 25. c5 Qb7 26. Nc3 f4 27. Re4 Bf5 28. Rb4 Qa7 29. Ne4 Nxc5 30. Rc1 Bxe4 31. dxe4 a5 32. Rbc4 Nb3 33. Rd1 c5 34. Rd5 Rae8 35. Qd1 Qb6 36. a4 Nd4 37. Rcxc5 c6 38. Rxd4 Qxc5 39. Rd6 Kg7 40. Nh4 Re6 41. Rd7+ R8e7 42. Rd8 Qb4 43. Qd3 Qe1+ 44. Kh2 Qxf2 45. Nf3 Qxb2 46. Rc8 Qb6 47. Ra8 Qc7 48. Qc3 Re8 49. Rxa5 Kf6 50. Rc5 Qd7 1-0

[Event "Yingmei CHN-chT 2018"]
[Site "Jiaxing"]
[Date "2018.07.11"]
[Round "9"]
[White "Zou, Chen"]
[Black "Xu, Xiangyu"]
[Result "1/2-1/2"]
[WhiteElo "2361"]
[BlackElo "2585"]
[Annotator "TA"]
[PlyCount "51"]
[EventDate "2018.07.09"]
[EventType "team-tourn"]
[EventCountry "CHN"]
[SourceTitle "playchess.com"]
[Source "ChessBase"]
[SourceQuality "1"]

{[%evp 17,51,18,9,7,2,0,0,0,0,0,0,6,0,-6,0,0,0,0,0,0,34,0,43,12,41,35,97,0,7,0,104,0,0,0,111,0]} 1. e4 c6 2. d4 d5 3. e5 c5 4. Nf3 cxd4 5. Nxd4 Nc6 (5... e6 6. Nd2 Nc6 7. N2f3 Nge7 8. Bd3 Nxd4 9. Nxd4 Nc6 10. Nf3 Bd7 11. a3 Qc7 12. Qe2 h6 13. h4 {½-½ (57) Li,S (2519)-Li,C (2725) Hangzhou 2018}) 6. c4 {B12: Caro-Kann: Advance Variation} e6 7. Nc3 Bb4 8. Nxc6 bxc6 9. Qa4 Rb8 {LiveBook: 5 Games} 10. cxd5 exd5 11. Qxc6+ Kf8 {aiming for ...Ne7.} 12. Bd2 Ne7 $146 {[%cal Re7c6]} 13. Qa4 Qc7 {...d4 is the strong threat.} 14. Be2 Bd7 (14... Qxe5 15. a3 $15) 15. Qd1 Qxe5 {White must now prevent ...Ba5.} 16. O-O d4 17. g3 {And now Bf4 would win.} g5 ({But not} 17... dxc3 $6 18. Bf4 $16) 18. Nb1 Bc5 19. Na3 Ng6 (19... h5 $5 {[%cal Rh5h4]} 20. Rc1 h4 $11) 20. Rc1 {Threatening Re1.} Kg7 (20... Bxa3 $5 21. bxa3 Kg7 $14) 21. Nc4 Qf5 {[#]} (21... Qd5 $14 22. Bf3 Qf5) 22. Ne3 (22. b4 $1 $16 {[%cal Rb4c5][%mdl 512]} Be7 (22... Bxb4 23. Bxb4) 23. f4) 22... Qe5 $11 ({Don't play} 22... dxe3 $6 23. fxe3 Nf4 24. gxf4 $16) 23. Nc4 $36 {[%mdl 2048] White has good play.} (23. Bf3 $11) 23... Qf5 $16 {[#]} 24. Ne3 (24. b4 $1 $16 {[%cal Rb4c5][%mdl 512]} Be7 (24... Bxb4 25. Bxb4) 25. f4) 24... Qe5 $11 25. Nc4 ({White should play} 25. Bf3 $11) 25... Qf5 $16 {[#]} 26. Ne3 {Precision: White = 50%, Black = 57%.} (26. b4 $1 $16 {[%cal Rb4c5][%mdl 512]} Be7 (26... Bxb4 27. Bxb4) 27. f4) 1/2-1/2

[Event "Yingmei CHN-chT 2018"]
[Site "Jiaxing"]
[Date "2018.07.11"]
[Round "9"]
[White "Wang, Yu A"]
[Black "Girya, Olga"]
[Result "1/2-1/2"]
[WhiteElo "2340"]
[BlackElo "2465"]
[Annotator "ChessBase"]
[PlyCount "163"]
[EventDate "2018.07.09"]
[EventType "team-tourn"]
[EventCountry "CHN"]
[SourceTitle "playchess.com"]
[Source "ChessBase"]
[SourceQuality "1"]
[TimeControl "5400+30"]

1. e4 c6 2. d4 d5 3. Nc3 dxe4 4. Nxe4 Bf5 5. Ng3 Bg6 6. Nh3 Nd7 7. Nf4 Qc7 8. h4 e5 9. dxe5 Qxe5+ 10. Be2 O-O-O 11. Nd3 Qc7 12. h5 Bxd3 13. Qxd3 Ngf6 14. Bd2 Nd5 15. O-O-O Nf4 16. Bxf4 Qxf4+ 17. Kb1 Bc5 18. Qf5 Qxf5 19. Nxf5 g6 20. Nh6 Rhf8 21. f4 Nb6 22. Ng4 Rxd1+ 23. Rxd1 Nd5 24. g3 gxh5 25. Ne5 f6 26. Nd3 Be3 27. Bxh5 Rg8 28. c4 Nb6 29. g4 Rd8 30. b3 Bxf4 31. Kc2 Bg5 32. Nc5 Rxd1 33. Kxd1 Be3 34. Ne4 Bd4 35. Ke2 Nd7 36. Be8 Nf8 37. Kd3 Be5 38. Ke3 Kd8 39. Bf7 Ke7 40. Bg8 h6 41. Nc5 b6 42. Nd3 Kd6 43. Ke4 Nd7 44. Kf5 Bc3 45. Be6 Nf8 46. Bg8 Nd7 47. Be6 Nc5 48. Nxc5 Kxc5 49. Ke4 Be1 50. Bd7 Kb4 51. Bxc6 Ka3 52. Kd3 Kxa2 53. Kc2 Ka3 54. Bd7 Kb4 55. Bc8 Bg3 56. Bd7 Kc5 57. Kd3 Kd6 58. Bc8 Ke5 59. Ke3 a5 60. Bd7 Be1 61. Bc8 Bb4 62. Bd7 Bc5+ 63. Kf3 Bd6 64. Ke3 Ba3 65. Bc8 Bc5+ 66. Kf3 Kd4 67. Bd7 Bd6 68. Be8 Bh2 69. Bd7 Kd3 70. Bc6 Kd4 71. Bd7 Ke5 72. Bc8 Bf4 73. Bd7 Bg5 74. Bc8 Kd4 75. Bd7 Kc3 76. Ba4 Kd3 77. Bd7 Kd2 78. Ke4 Ke2 79. Kf5 Kf3 80. Bc6+ Kg3 81. Bd7 Kh4 82. Be8 1/2-1/2

[Event "Yingmei CHN-chT 2018"]
[Site "Jiaxing"]
[Date "2018.07.11"]
[Round "9"]
[White "Xu, Minghui"]
[Black "Zhang, Ziji"]
[Result "1/2-1/2"]
[WhiteElo "2334"]
[BlackElo "2361"]
[Annotator "NA"]
[PlyCount "66"]
[EventDate "2018.07.09"]
[EventType "team-tourn"]
[EventCountry "CHN"]
[SourceTitle "playchess.com"]
[Source "ChessBase"]
[SourceQuality "1"]
[TimeControl "5400+30"]

1. d4 Nf6 2. c4 e6 3. g3 d5 4. Bg2 dxc4 5. Nf3 a6 6. O-O Nc6 7. e3 Bd7 8. Nc3 Nd5 {E04: Open Catalan: 5 Nf3} 9. Nd2 Nb6 10. Qe2 Na5 11. Nf3 Bb4 {LiveBook: 4 Games} 12. Ne5 O-O 13. Bd2 Qe7 14. Rad1 Rad8 15. a3 Bd6 16. Nb1 Bxe5 17. Bxa5 {[#]} Bd6 $146 18. Bxb7 Na4 19. Bf3 Rb8 20. Rd2 Rb5 $14 21. Bc3 $1 Rfb8 22. Qxc4 Nxb2 23. Bxb2 Rxb2 24. Rxb2 Rxb2 25. Qxa6 Bb5 26. Qa8+ Qe8 27. Qxe8+ Bxe8 28. Rc1 Ra2 29. Nc3 Rxa3 30. Ne4 Kf8 31. h4 Ke7 32. Rb1 Bc6 33. Kg2 Bxe4 1/2-1/2

[Event "Yingmei CHN-chT 2018"]
[Site "Jiaxing"]
[Date "2018.07.11"]
[Round "9"]
[White "Gong, Qianyun"]
[Black "Xiao, Yiyi"]
[Result "1-0"]
[WhiteElo "2328"]
[BlackElo "2345"]
[Annotator "NA"]
[PlyCount "155"]
[EventDate "2018.07.09"]
[EventType "team-tourn"]
[EventCountry "CHN"]
[SourceTitle "playchess.com"]
[Source "ChessBase"]
[SourceQuality "1"]
[TimeControl "5400+30"]

1. e4 e5 2. Nf3 Nc6 3. d4 exd4 4. Nxd4 Nf6 5. Nxc6 bxc6 6. e5 Qe7 7. Qe2 Nd5 8. c4 Ba6 9. Nd2 g6 10. Nf3 Bg7 11. Bg5 f6 12. exf6 Qxe2+ 13. Bxe2 Nxf6 14. O-O-O {LiveBook: 33 Partien} O-O-O 15. Rhe1 Rde8 16. Be3 Ne4 17. Bd3 ({Not} 17. Bxa7 c5 $17) 17... c5 $11 18. h4 d6 19. Ng5 Nf6 20. f3 Nd7 21. b3 Bb7 22. Bc2 Bf6 23. Bf2 Ne5 24. Ne4 Bg7 25. Re2 Bc6 26. Rde1 a5 27. Bg3 a4 28. Kb1 axb3 29. axb3 Nf7 30. Ng5 Rxe2 31. Rxe2 Nxg5 32. hxg5 Kd7 33. Be4 Ra8 34. Bxc6+ Kxc6 35. Kc2 Ra2+ 36. Kd3 Ra3 37. Kc2 Kd7 38. Bf4 Ra2+ 39. Kd3 Ra3 40. Kc2 Ra2+ 41. Kd3 Ra3 42. Kc2 c6 43. Bc1 Ra2+ 44. Kd3 Ra1 45. Kc2 d5 46. Bd2 Ra2+ 47. Kd1 Rb2 48. Be3 Rb1+ 49. Kc2 Rb2+ 50. Kd1 Rxb3 51. cxd5 Rd3+ 52. Ke1 Rxd5 53. Ra2 Bd4 54. Bf4 Ke6 55. Ra6 Be5 56. Be3 Kd6 57. Ra7 c4 58. Rxh7 c3 59. Ke2 c2 60. Rh1 Bb2 61. f4 c5 62. g4 Kc6 63. Bc1 Bg7 64. Rf1 Kd7 65. f5 gxf5 66. gxf5 Bd4 67. f6 Ke6 68. f7 Bg7 69. f8=Q Bxf8 70. Rxf8 Rd4 71. Rf6+ Ke7 72. Rf3 Rd1 73. Rf1 Rd4 74. Be3 Rg4 75. Bxc5+ Ke6 76. Be3 Ke5 77. Kd3 Rg3 78. Rc1 1-0

[Event "Yingmei CHN-chT 2018"]
[Site "Jiaxing"]
[Date "2018.07.11"]
[Round "9"]
[White "Zhang, Xiaowen"]
[Black "Gunina, Valentina"]
[Result "0-1"]
[WhiteElo "2327"]
[BlackElo "2526"]
[Annotator "TA"]
[PlyCount "68"]
[EventDate "2018.07.09"]
[EventType "team-tourn"]
[EventCountry "CHN"]
[SourceTitle "playchess.com"]
[Source "ChessBase"]
[SourceQuality "1"]

{[%evp 35,68,10,18,-7,-8,-41,-38,-36,-40,-41,-38,-50,-66,-72,-49,-146,-149,-134,-143,-140,-136,-254,-97,-113,-109,-483,-523,-547,-547,-29995,-29996,-29996,-29997,-29997,-29998]} 1. e4 {Yuffa,D} c6 2. d4 d5 3. Nc3 dxe4 4. Nxe4 Bf5 5. Ng3 Bg6 6. h4 h6 7. Nf3 Nd7 8. h5 Bh7 9. Bd3 Bxd3 10. Qxd3 e6 11. Bd2 Ngf6 12. O-O-O Bd6 13. Ne4 Nxe4 14. Qxe4 Nf6 {B19: Classical Caro-Kann: 4...Bf5 main line} 15. Qe2 Bc7 16. c4 (16. Kb1 Qd5 17. c4 Qe4+ 18. Qxe4 Nxe4 19. Be1 O-O-O 20. Kc2 Rhe8 21. Ne5 f6 22. Ng6 {½-½ (32) Kovalev,V (2640)-Shimanov,A (2646) Saint Louis 2017}) 16... b5 17. Kb1 bxc4 18. Qxc4 O-O $1 {LiveBook: 7 Games} 19. Ne5 c5 20. Bc3 $146 ({Don't play} 20. Qxc5 Ne4 $17) ({Predecessor:} 20. Bf4 Nd5 21. Nc6 Qd7 22. Bxc7 Qxc7 23. Qxc5 {0-1 (39) Babarykin,S (2354)-Yuffa,D (2510) Sochi 2017 CBM 179 [Yuffa,D]}) 20... Bxe5 21. dxe5 Nd5 22. Qxc5 Rc8 23. Qa5 Qg5 $36 {[%mdl 2048] Black has the initiative.} 24. Bd4 $1 Qxg2 {White must now prevent ...Rc4.} 25. Qd2 (25. Qa3 $15) 25... Rfd8 $1 $17 26. Ka1 Qf3 27. Rdg1 {next Qxh6 is good for White.} Kh8 $1 28. Rh4 {[#]} (28. a3 $17) 28... a5 $1 {[%mdl 512]} 29. a3 (29. Qxa5 Ne7) 29... Qb3 {Hoping for ...Nb4!} 30. Rhg4 $2 {[%mdl 8192]} (30. Qd1 $17 {is a better chance.} Rc2 31. Qg4) 30... Rc2 $19 31. Qxa5 Rdc8 {( -> ...Rc1+)} 32. Qe1 {[#]} Nb4 $1 {[%mdl 512] Black mates.} 33. axb4 Ra8+ 34. Kb1 {[#]} Qd3 $1 {Precision: White = 22%, Black = 81%.} 0-1